Fuzzy preference modelling and multicriteria decision support

Αποθηκεύτηκε σε:
Λεπτομέρειες βιβλιογραφικής εγγραφής
Κύριος συγγραφέας: Fodor, J. (Janos)
Άλλοι συγγραφείς: Roubens, Marc
Μορφή: Βιβλίο
Γλώσσα:English
Δημοσίευση: Dordrecht ; Boston : Kluwer Academic, c1994
Σειρά:Theory and decision library. System theory, knowledge engineering and problem solving ; ; 14; Series D
Θέματα:
Ετικέτες: Προσθήκη ετικέτας
Δεν υπάρχουν, Καταχωρήστε ετικέτα πρώτοι!

MARC

LEADER 00000nam a2200000 i 4500
001 1/17100
008 950914s1994 eng d
020 |a 0-7923-3116-8 
035 |a 1995  |c ΔΑΡΖΕΝΤΑΣ  |l 10066013 
040 |a GR-MY-UA  |b gre  |e aacr 
041 0 |a eng 
082 0 |a 658.403 
100 1 |a Fodor, J.  |q (Janos) 
245 1 0 |a Fuzzy preference modelling and multicriteria decision support /  |c by Janos Fodor and Marc Roubens 
260 |a Dordrecht ; Boston :   |b Kluwer Academic,   |c c1994 
300 |a xvi, 255 p.;  |b ill.;  |c 25 cm. 
490 1 |a Theory and decision library. System theory, knowledge engineering and problem solving  |v ; 14; Series D 
504 |a Includes bibliographical references (p.239-251) and index 
650 0 0 |a Multiple criteria decision making. 
650 0 0 |a Fuzzy sets. 
700 1 |a Roubens, Marc. 
830 0 |a Theory and decision library. System theory, knowledge engineering and problem solving ;  |v ; 14; Series D 
852 |a INST  |b CHIOS  |e 20010209  |h 658.403 FOD  |p 005200021372  |q 005200021372  |t BK  |y 0 
852 |a INST  |b SAMOS  |e 19950914  |h 658.403 FOD  |p 005300005056  |q 005300005056  |t BK  |y 0 
901 |a BIBL2-2001-1 
909 |a Σ  |b 041161 
909 |a Χ  |b 082914 
922 |a 2ΕΛΗ  |b 200011  |c ΤΜΟΔ  |d ΜΙΧΑΛΟΠΟΥΛΟΣ 
950 |a 186-2000-09-15